| 000 | 00849cac a22003015a 4500 | ||
|---|---|---|---|
| 005 | 20150816121947.0 | ||
| 008 | 150812b2004 at a|||| |||| 001 0 eng d | ||
| 010 | _a 2002111168 | ||
| 020 | _a981240399x (book) | ||
| 020 | _a9789812403995 | ||
| 020 | _a0030259517 | ||
| 035 | _a(DLC) 2002111168 | ||
| 040 |
_aEG-ScBUE _beng _cEG-ScBUE |
||
| 082 | 0 | 4 |
_a330 _bMAN _222 |
| 100 | 1 | _aMankiw, N. Gregory. | |
| 245 | 1 | 0 |
_aPrinciples of economics / _cN. Gregory Mankiw. |
| 246 | 3 | 0 | _aEconomics |
| 250 | _a2nd ed. | ||
| 260 |
_a[Canberra] : _bThomson/South-Western, _c2004. |
||
| 300 |
_axiviii, 837 p. : _bill. ; _c27 cm. |
||
| 500 | _aIndex : p. 821-837. | ||
| 500 | _aGlossary : p. 811-819. | ||
| 590 | _aDoha Ragab | ||
| 650 | 0 |
_aEconomics. _2BUEsh |
|
| 651 | _2BUEsh | ||
| 653 |
_bBUSECO _cAugust2015 |
||
| 942 |
_cBB _k330 MAN _2ddc |
||
| 999 |
_c332 _d332 |
||